00335nam a2200133Ia 4500008004100000020001500041041001200056082001600068100001700084245005100101260002500152300000800177650001600185221030s9999 xx 000 0 und d a8120300300 aEnglish a105.23bRaj aV. Rajaraman 0aComputer Programming In COBOLcby V. Rajaraman bPHIaNew Delhic2000 a268 aBE Computer